000 00497cam a2200205ua 4500
001 7763
005 20260515114244.0
008 141224n ii |||gr||||Z||||||ben
040 _cMAIN
041 _aben
082 _a891.441
100 _aTagore, R.,
_eAuthor.
245 _aChoitali
_cBy Rabindranath Tagore
250 _a1st.
260 _aKolkatta:
_bBiswabharati,
_c1964.
300 _a103p.
653 _aEast Indo-European & Celtic literatures
653 _aBengali poems
942 _cBK
999 _c6879
_d6879